| 000 | 00515 a2200193 4500 | ||
|---|---|---|---|
| 003 | Nust | ||
| 005 | 20230124092151.0 | ||
| 010 | _a 2001277841 | ||
| 020 | _a0822217848 | ||
| 035 | _a(OCoLC)ocm48393229 | ||
| 040 | _cNust | ||
| 082 | 0 | 0 | _a812.54,HUG |
| 100 | 1 |
_aIbsen, Henrik, _945762 |
|
| 245 | 1 | 0 |
_aHenrik Ibsen's Hedda Gabler : _bEnglish version / _cDoug Hughes. |
| 260 |
_aNew York, NY : _bDramatists Play Service, _cc2001. |
||
| 300 |
_a83 p. ; _c20 cm. |
||
| 700 | 1 |
_aHughes, Doug. _9310 |
|
| 942 |
_2ddc _cBK |
||
| 999 |
_c178764 _d178764 |
||